000 00795cam a2200253u 4500
001 21121
003 BD-RjUL
005 20211209000642.0
008 140303s19591904enk 000 0 eng d
035 _a(BD-RjUL) 21185
040 _aDLC
_cCarP
_dBD-RjUL
_beng
041 _aeng
082 _a824.3
_bELI V-1 1959
245 1 0 _aElizabethan critical essays /
_pV-1
260 _aOxford :
_bOxford University press,
_c1904 [Reprinted 1959].
300 _axcii, 431 p. ;
_c20 cm.
650 0 _aEnglish literature
_yEarly modern, 1500-1700
_xHistory and criticism.
_953256
650 0 _aEnglish essays
_yEarly modern, 1500-1700.
_965293
700 1 _aSmith, G. Gregory
_q(George Gregory),
_965292
942 _2ddc
_cBK
999 _c21121
_d21121